|
|
|
|
| LEADER |
00000cam a22000004a 4500 |
| 001 |
musev2_22145 |
| 003 |
MdBmJHUP |
| 005 |
20230905042346.0 |
| 006 |
m o d |
| 007 |
cr||||||||nn|n |
| 008 |
111214s2012 mau o 00 0 eng d |
| 010 |
|
|
|z 2011011586
|
| 020 |
|
|
|a 9780262298582
|
| 020 |
|
|
|z 0262298589
|
| 020 |
|
|
|z 9780262016605
|
| 020 |
|
|
|z 0262016605
|
| 035 |
|
|
|a (OCoLC)768348722
|
| 040 |
|
|
|a MdBmJHUP
|c MdBmJHUP
|
| 100 |
1 |
|
|a Gennaro, Rocco J.
|
| 245 |
1 |
4 |
|a The Consciousness Paradox :
|b Consciousness, Concepts, and Higher-Order Thoughts /
|c Rocco J. Gennaro.
|
| 264 |
|
1 |
|a Cambridge, Mass. :
|b MIT Press,
|c 2012.
|
| 264 |
|
3 |
|a Baltimore, Md. :
|b Project MUSE,
|c 2014
|
| 264 |
|
4 |
|c ©2012.
|
| 300 |
|
|
|a 1 online resource (388 pages).
|
| 336 |
|
|
|a text
|b txt
|2 rdacontent
|
| 337 |
|
|
|a computer
|b c
|2 rdamedia
|
| 338 |
|
|
|a online resource
|b cr
|2 rdacarrier
|
| 490 |
0 |
|
|a Representation and mind
|
| 500 |
|
|
|a "A Bradford Book."
|
| 505 |
0 |
|
|a In defense of the HOT thesis -- Assessing three close rivals -- From HOT theory to the wide intrinsicality view -- Against self-representationalism -- In defense of conceptualism -- Concept acquisition and infant consciousness -- Animal consciousness -- Into the brain.
|
| 520 |
8 |
|
|a This publication presents a defense of a version of the higher-order thought (HOT) theory of consciousness with special attention to such topics as concepts and animal consciousness.
|
| 546 |
|
|
|a English.
|
| 588 |
|
|
|a Description based on print version record.
|
| 650 |
|
7 |
|a Thought and thinking.
|2 fast
|0 (OCoLC)fst01150249
|
| 650 |
|
7 |
|a Consciousness.
|2 fast
|0 (OCoLC)fst00875441
|
| 650 |
|
7 |
|a Concepts.
|2 fast
|0 (OCoLC)fst00872969
|
| 650 |
|
7 |
|a Cognition.
|2 fast
|0 (OCoLC)fst00866457
|
| 650 |
|
7 |
|a PSYCHOLOGY
|x Personality.
|2 bisacsh
|
| 650 |
|
7 |
|a PHILOSOPHY
|x Mind & Body.
|2 bisacsh
|
| 650 |
|
7 |
|a cognition.
|2 aat
|
| 650 |
|
7 |
|a thinking.
|2 aat
|
| 650 |
|
6 |
|a Cognition.
|
| 650 |
|
6 |
|a Pensee.
|
| 650 |
|
6 |
|a Concepts.
|
| 650 |
|
6 |
|a Conscience.
|
| 650 |
|
2 |
|a Thinking
|
| 650 |
2 |
2 |
|a Cognitive Science
|x methods
|
| 650 |
2 |
2 |
|a Cognition
|
| 650 |
1 |
2 |
|a Consciousness
|
| 650 |
|
0 |
|a Cognition.
|
| 650 |
|
0 |
|a Thought and thinking.
|
| 650 |
|
0 |
|a Concepts.
|
| 650 |
|
0 |
|a Consciousness.
|
| 655 |
|
7 |
|a Electronic books.
|2 local
|
| 710 |
2 |
|
|a Project Muse.
|e distributor
|
| 830 |
|
0 |
|a Book collections on Project MUSE.
|
| 856 |
4 |
0 |
|z Texto completo
|u https://projectmuse.uam.elogim.com/book/22145/
|
| 945 |
|
|
|a Project MUSE - Custom Collection
|
| 945 |
|
|
|a Project MUSE - 2012 Philosophy and Religion Supplement II
|
| 945 |
|
|
|a Project MUSE - 2012 Complete Supplement II
|